Právna náuka pre 4. ročník stredných ekonomických škôl : Učeb.pre 4.roč.štud.odb.63-01-6 všeobecná ekonomika, 63-04-6 ekonomika obchodu a služieb, 63-05-6 ekonomika polnohospodárstva a výživy, 63-07-6 zahraničný obchod, 63-33-6 organizácia administratívy (ASR 34-1408) /

Hlavní autor: Pospíšil, Jaroslav
Další autoři: Schultz, Ivan
Jazyk: Slovenština
Vydáno: Bratislava : Slovenské pedagogické nakladateľstvo, 1989
Vydání: 2., upr.vyd.
Témata:
Fyzický popis: 252 s.
Knihy
Uloženo v:
LEADER 01031nam a2200229 a 4500
001 000025103
003 CZ BrMZK
005 20060316064602.0
008 950707s1989 xo f slo d
020 |a 80-08-00810-5 
040 |a BOA001  |b cze 
080 |a 372.834(075.3):377.5  |2 MRF 
100 1 |a Pospíšil, Jaroslav  |7 jx20050526021 
245 1 0 |a Právna náuka pre 4. ročník stredných ekonomických škôl :  |b Učeb.pre 4.roč.štud.odb.63-01-6 všeobecná ekonomika, 63-04-6 ekonomika obchodu a služieb, 63-05-6 ekonomika polnohospodárstva a výživy, 63-07-6 zahraničný obchod, 63-33-6 organizácia administratívy (ASR 34-1408) /  |c ..., Ivan Schultz 
250 |a 2., upr.vyd. 
260 |a Bratislava :  |b Slovenské pedagogické nakladateľstvo,  |c 1989 
300 |a 252 s. 
700 1 |a Schultz, Ivan  |7 xx0022021 
910 |a BOA001  |b PK-0111.492 
964 |a Právo - učebnice - školy ekonomické střední 
990 |a BK 
996 7 |b 3119996036  |c PK-0111.492  |l MZK  |r Sklad / do 1 hodiny  |n 0  |w 000025103  |u 000010  |a 1  |e BOA001  |j MZK50  |s A